002950000a2200085000450024501050000004100140010570000290011910000210014877300400016910aMeros, chernas y cabrillas del Caribe colombiano ()0 aEspañol1 aGarzón Ferreira, Jaime1 aAcero P., Arturo1 tCaldasia345h78q355-376d1991g16